Top 10 NBA Players Fastest Acceleration 2025 - Statistics

General Stats
  • This quiz has been taken 81 times
  • The average score is 4 of 10
Answer Stats
# Answer % Correct
1 De'Aaron Fox
93%
2 Ja Morant
70%
8 Russell Westbrook
49%
9 Anthony Edwards
45%
10 Donovan Mitchell
34%
3 Amen Thompson
30%
6 Ausar Thompson
28%
5 Keon Johnson
18%
4 Scoot Henderson
18%
7 Jaden Ivey
15%
No matching quizzes found
Score Distribution
Percent of People with Each Score
Percentile by Number Answered
Your Score History
You have not taken this quiz